00632nam a22002052 450000100060000000300080000600500170001400800390003103500510007004000270012104100080014808200210015610000150017724500460019226000540023830000310029249000470032350400200037065100360039027093BD-RjUL20211209051118.0140324r19631958enka 001 0 eng a(BD-RjUL)27164aOCLC ocm05128704 from D960915M aDLCcEXCdBD-RjULbeng aeng a915.61bRIL 19631 aRiza, Ali 14aThe land and people of Turkey /cAli Riza aLondon :bA. and C. Black,cc1958 [reprint 1963]. av, 89 p. :bill. ;c21 cm.0 aLands and peoples series (London, England) aIncludes index. 0aTurkeyxDescription and travel.